| 000 | 00626nam a2200229 a 4500 | ||
|---|---|---|---|
| 005 | 20210219152950.0 | ||
| 008 | 991125n 000 0 u | ||
| 035 | _aUPN01000069487 | ||
| 100 | _aShaffer, Terry E. | ||
| 222 | _aJOURNAL OF CONTINUING HIGHER EDUCATION | ||
| 245 | _aContinuing higer education organizational learning | ||
| 300 | _a23-40 | ||
| 362 | _a40, No. 3, 1992 | ||
| 505 | _aFebrero 1993 | ||
| 653 | 0 | _aADAPTACION SOCIAL | |
| 653 | 0 | _aAMBIENTE EDUCATIVO | |
| 653 | 0 | _aCLIMA ORGANIZACIONAL | |
| 653 | 0 | _aEDUCACION DE ADULTOS | |
| 653 | 0 | _aMODELOS | |
| 904 |
_aAC _b007298 |
||
| 905 | _aArticulo | ||
| 999 |
_c64983 _d64983 |
||